[Event "14. Obert Int. Sant Marti 2012"]
[Site "Barcelona ESP"]
[Date "2012.07.16"]
[Round "4.51"]
[White "Nadal Fajardo, Ricard"]
[Black "Quero Ortega, Juan"]
[Result "1/2-1/2"]
[WhiteElo "1707"]
[BlackElo "1877"]
[PlyCount "75"]
[EventDate "2012.07.13"]
[EventType "swiss"]
[EventRounds "9"]
[EventCountry "ESP"]
[SourceTitle "Ajedrez en Madrid"]
[Source "lmi"]
[SourceDate "2012.07.13"]
[SourceVersion "1"]
[SourceVersionDate "2019.06.21"]
[SourceQuality "1"]

1. d4 Nf6 2. Nf3 g6 3. Nc3 Bg7 4. Bf4 O-O 5. e3 d5 6. Be2 c6 7. h4 h5 8. Ne5
Nbd7 9. f3 Nxe5 10. Bxe5 Bh6 11. Qd2 Nd7 12. O-O-O Nxe5 13. dxe5 d4 14. f4 Qa5
15. Qxd4 Be6 16. Bc4 Rad8 17. Qe4 Bf5 18. Rxd8 Bxe4 19. Rxf8+ Kxf8 20. Nxe4 Qb4
21. Nd2 b5 22. Bb3 a5 23. a3 Qc5 24. Re1 a4 25. Ne4 Qb6 26. Ba2 b4 27. Nd2 bxa3
28. bxa3 Qc5 29. Nc4 Bg7 30. Rd1 Ke8 31. Rd3 Bf8 32. Rc3 Qa7 33. Rd3 e6 34.
Nd6+ Bxd6 35. exd6 Kd7 36. g3 Qc5 37. e4 Qg1+ 38. Kb2 1/2-1/2

[Event "14. Obert Int. Sant Marti 2012"]
[Site "Barcelona ESP"]
[Date "2012.07.16"]
[Round "4.52"]
[White "Olive Oller, Guim"]
[Black "Cano Sevila, Ivan"]
[Result "1-0"]
[WhiteElo "1850"]
[BlackElo "1521"]
[PlyCount "57"]
[EventDate "2012.07.13"]
[EventType "swiss"]
[EventRounds "9"]
[EventCountry "ESP"]
[SourceTitle "Ajedrez en Madrid"]
[Source "lmi"]
[SourceDate "2012.07.13"]
[SourceVersion "1"]
[SourceVersionDate "2019.06.21"]
[SourceQuality "1"]

1. d4 Nf6 2. c4 e5 3. dxe5 Ng4 4. Bf4 Nc6 5. Nf3 Bc5 6. e3 Qe7 7. Be2 Ngxe5 8.
O-O O-O 9. Nc3 Nxf3+ 10. Bxf3 d6 11. Nd5 Qd8 12. a3 a5 13. Qc2 h6 14. Rfd1 Ne7
15. Rab1 c6 16. Nxe7+ Qxe7 17. b4 axb4 18. axb4 g5 19. Bg3 Bxb4 20. Rxb4 d5 21.
c5 Qf6 22. Qb2 Qg6 23. h3 h5 24. Qe2 h4 25. Bd6 Re8 26. Bh5 Qf6 27. Bg4 Bxg4
28. Qxg4 Ra2 29. Bf4 1-0

[Event "14. Obert Int. Sant Marti 2012"]
[Site "Barcelona ESP"]
[Date "2012.07.17"]
[Round "5.1"]
[White "Deepan, Chakkravarthy J"]
[Black "Hernandez Carmenates, Holden"]
[Result "1/2-1/2"]
[WhiteElo "2468"]
[BlackElo "2569"]
[PlyCount "37"]
[EventDate "2012.07.13"]
[EventType "swiss"]
[EventRounds "9"]
[EventCountry "ESP"]
[SourceTitle "Ajedrez en Madrid"]
[Source "lmi"]
[SourceDate "2012.07.13"]
[SourceVersion "1"]
[SourceVersionDate "2019.06.21"]
[SourceQuality "1"]

1. d4 Nf6 2. c4 c6 3. Nc3 d5 4. e3 a6 5. Nf3 b5 6. b3 Bg4 7. h3 Bxf3 8. Qxf3 e5
9. cxd5 Bb4 10. Bd2 Qa5 11. Nb1 exd4 12. Qf4 Bxd2+ 13. Nxd2 O-O 14. Qxd4 cxd5
15. a4 bxa4 16. Rxa4 Qc7 17. Be2 Nc6 18. Qc3 Qb6 19. O-O 1/2-1/2

[Event "14. Obert Int. Sant Marti 2012"]
[Site "Barcelona ESP"]
[Date "2012.07.17"]
[Round "5.2"]
[White "Ortiz Suarez, Isan Reynaldo"]
[Black "Laxman, R R.."]
[Result "1/2-1/2"]
[WhiteElo "2562"]
[BlackElo "2422"]
[PlyCount "178"]
[EventDate "2012.07.13"]
[EventType "swiss"]
[EventRounds "9"]
[EventCountry "ESP"]
[SourceTitle "Ajedrez en Madrid"]
[Source "lmi"]
[SourceDate "2012.07.13"]
[SourceVersion "1"]
[SourceVersionDate "2019.06.21"]
[SourceQuality "1"]

1. d4 Nf6 2. c4 e6 3. Nf3 d5 4. Nc3 Bb4 5. Qa4+ Nc6 6. e3 O-O 7. a3 Bxc3+ 8.
bxc3 Bd7 9. Qc2 Na5 10. Ne5 c5 11. cxd5 exd5 12. Bd3 Be6 13. Qb1 Ne4 14. O-O f6
15. Nf3 Bf5 16. Qb2 c4 17. Bc2 Nd6 18. Nd2 Bxc2 19. Qxc2 Re8 20. Rb1 Qd7 21.
Re1 b6 22. f3 Re6 23. a4 Rae8 24. Kf2 g6 25. Ba3 Nab7 26. Re2 f5 27. Rbe1 Qe7
28. Kg1 Qd7 29. e4 fxe4 30. fxe4 dxe4 31. Nxe4 Nxe4 32. Rxe4 Nd6 33. Bxd6 Qxd6
34. h3 Qd5 35. Rxe6 Rxe6 36. Qf2 Rxe1+ 37. Qxe1 Kf7 38. Qf2+ Ke6 39. Qf8 Qg5
40. Kh2 h5 41. Qc8+ Kd6 42. Qb8+ Kc6 43. Qe8+ Kd6 44. Qf8+ Kc6 45. Qf3+ Kd6 46.
a5 h4 47. Qf8+ Kc6 48. Qe8+ Kd6 49. Qb8+ Kc6 50. Qe8+ Kd6 51. axb6 axb6 52.
Qb8+ Kc6 53. Qc8+ Kd6 54. Qxc4 Qg3+ 55. Kg1 Qe3+ 56. Kf1 Qf4+ 57. Ke1 Qe3+ 58.
Kf1 Qf4+ 59. Ke2 Qe4+ 60. Kd1 Qb1+ 61. Kd2 Qb2+ 62. Ke1 Qc1+ 63. Ke2 Qc2+ 64.
Kf1 Qc1+ 65. Ke2 Qc2+ 66. Ke3 Qxg2 67. Qc8 Qg3+ 68. Kd2 Qf2+ 69. Kd3 Qf1+ 70.
Kd2 Qf2+ 71. Kc1 Qe1+ 72. Kb2 Qd2+ 73. Ka3 Qc1+ 74. Ka4 Qa1+ 75. Kb5 Qa5+ 76.
Kc4 Qa4+ 77. Kd3 Qd1+ 78. Ke4 Qe1+ 79. Kf3 Qg3+ 80. Ke2 Qg2+ 81. Ke3 Qg3+ 82.
Kd2 Qf2+ 83. Kc1 Qe1+ 84. Kb2 Qd2+ 85. Kb3 Qd1+ 86. Kc4 Qe2+ 87. Kb4 Qb2+ 88.
Ka4 Qa2+ 89. Kb5 Qe2+ 1/2-1/2

[Event "14. Obert Int. Sant Marti 2012"]
[Site "Barcelona ESP"]
[Date "2012.07.17"]
[Round "5.3"]
[White "Moskalenko, Viktor"]
[Black "Cruz, Filemon"]
[Result "1/2-1/2"]
[WhiteElo "2591"]
[BlackElo "2404"]
[PlyCount "45"]
[EventDate "2012.07.13"]
[EventType "swiss"]
[EventRounds "9"]
[EventCountry "ESP"]
[SourceTitle "Ajedrez en Madrid"]
[Source "lmi"]
[SourceDate "2012.07.13"]
[SourceVersion "1"]
[SourceVersionDate "2019.06.21"]
[SourceQuality "1"]

1. c4 e5 2. Nc3 Nc6 3. g3 Nf6 4. Bg2 Bc5 5. e3 a6 6. Nge2 d6 7. a3 O-O 8. b4
Ba7 9. Bb2 Re8 10. d3 Ne7 11. O-O Ng6 12. Qc2 h5 13. d4 h4 14. Nd5 c6 15. Nxf6+
Qxf6 16. dxe5 dxe5 17. Nc3 hxg3 18. hxg3 Nf8 19. c5 Nh7 20. Ne4 Qg6 21. Qc3 Bb8
22. Rad1 Ng5 23. Nxg5 1/2-1/2

[Event "14. Obert Int. Sant Marti 2012"]
[Site "Barcelona ESP"]
[Date "2012.07.17"]
[Round "5.4"]
[White "Gonzalez Rodriguez, Jorge A"]
[Black "Perez Mitjans, Orelvis"]
[Result "0-1"]
[WhiteElo "2410"]
[BlackElo "2504"]
[PlyCount "90"]
[EventDate "2012.07.13"]
[EventType "swiss"]
[EventRounds "9"]
[EventCountry "ESP"]
[SourceTitle "Ajedrez en Madrid"]
[Source "lmi"]
[SourceDate "2012.07.13"]
[SourceVersion "1"]
[SourceVersionDate "2019.06.21"]
[SourceQuality "1"]

1. c4 Nf6 2. Nc3 c5 3. g3 g6 4. Bg2 Bg7 5. e3 Nc6 6. Nge2 O-O 7. O-O d6 8. h3
Bf5 9. d3 h5 10. Kh2 a6 11. e4 Bd7 12. Bg5 b5 13. Qd2 Rb8 14. Rab1 Nh7 15. Be3
Nd4 16. b3 e6 17. Bh6 b4 18. Bxg7 bxc3 19. Qxc3 Nxe2 20. Qb2 Re8 21. Rfe1 e5
22. Bxe5 dxe5 23. Qxe2 Ng5 24. f4 exf4 25. gxf4 Ne6 26. Qf2 Qc7 27. Rf1 Bc6 28.
Kh1 Nd4 29. b4 Qd6 30. bxc5 Qxc5 31. Rxb8 Rxb8 32. f5 Rb7 33. Qg3 Kh7 34. Qg5
Qa3 35. fxg6+ fxg6 36. Rf6 Rg7 37. Qe3 Qc3 38. Kh2 Bb7 39. Rd6 Nc2 40. Qg5 Ne1
41. Qe3 Nxg2 42. Kxg2 Rf7 43. c5 Bxe4+ 44. Qxe4 Qd2+ 45. Kg1 Qg5+ 0-1

[Event "14. Obert Int. Sant Marti 2012"]
[Site "Barcelona ESP"]
[Date "2012.07.17"]
[Round "5.5"]
[White "Saptarshi, Roy"]
[Black "Munoz Pantoja, Miguel"]
[Result "1/2-1/2"]
[WhiteElo "2389"]
[BlackElo "2496"]
[PlyCount "96"]
[EventDate "2012.07.13"]
[EventType "swiss"]
[EventRounds "9"]
[EventCountry "ESP"]
[SourceTitle "Ajedrez en Madrid"]
[Source "lmi"]
[SourceDate "2012.07.13"]
[SourceVersion "1"]
[SourceVersionDate "2019.06.21"]
[SourceQuality "1"]

1. d4 c5 2. d5 Nf6 3. Nc3 d6 4. e4 e5 5. dxe6 Bxe6 6. Nf3 Be7 7. Bb5+ Nbd7 8.
O-O a6 9. Be2 h6 10. Bf4 Nb6 11. a4 O-O 12. a5 Nc4 13. Bxc4 Bxc4 14. Re1 Re8
15. Qd2 Bf8 16. h3 Bb5 17. Rad1 Bc6 18. Bxd6 Bxd6 19. Qxd6 Qxa5 20. Ne5 Rac8
21. Nxc6 Rxc6 22. Qg3 c4 23. e5 Nh5 24. Qe3 Rce6 25. Rd5 Qb6 26. g4 Nf6 27.
Qxb6 Rxb6 28. Rdd1 Nh7 29. Rb1 Ng5 30. Kg2 Ne6 31. Re4 Rc6 32. f4 b5 33. f5 Nc5
34. Re2 b4 35. Nd5 b3 36. cxb3 Nd3 37. Rd1 Nxe5 38. f6 gxf6 39. bxc4 Ree6 40.
b3 Nxc4 41. Rxe6 fxe6 42. bxc4 exd5 43. cxd5 Rc2+ 44. Kg3 Kf7 45. Kh4 Kg6 46.
d6 Rc8 47. Ra1 Rc6 48. Rd1 Rc8 1/2-1/2

[Event "14. Obert Int. Sant Marti 2012"]
[Site "Barcelona ESP"]
[Date "2012.07.17"]
[Round "5.6"]
[White "Pulvett, Daniel"]
[Black "Quesada Perez, Yuniesky"]
[Result "0-1"]
[WhiteElo "2383"]
[BlackElo "2626"]
[PlyCount "64"]
[EventDate "2012.07.13"]
[EventType "swiss"]
[EventRounds "9"]
[EventCountry "ESP"]
[SourceTitle "Ajedrez en Madrid"]
[Source "lmi"]
[SourceDate "2012.07.13"]
[SourceVersion "1"]
[SourceVersionDate "2019.06.21"]
[SourceQuality "1"]

1. e4 c5 2. Nf3 Nc6 3. d4 cxd4 4. Nxd4 Qc7 5. Nc3 e6 6. Be3 a6 7. Qd2 Nf6 8.
O-O-O Be7 9. f3 O-O 10. g4 b5 11. g5 Nh5 12. Kb1 Ne5 13. Rg1 Bb7 14. f4 Nc4 15.
Bxc4 Qxc4 16. Nb3 Rfd8 17. Qf2 b4 18. Na5 Qc8 19. Na4 Bxe4 20. Nb6 Qb8 21. Qe2
Nxf4 22. Qg4 Nd5 23. Rxd5 exd5 24. Nxa8 Qxa8 25. Nb3 a5 26. Bb6 Rc8 27. Qxd7
Qc6 28. Qxe7 Qxb6 29. Rf1 Bxc2+ 30. Ka1 Bg6 31. Qd7 Rd8 32. Re1 a4 0-1

[Event "14. Obert Int. Sant Marti 2012"]
[Site "Barcelona ESP"]
[Date "2012.07.17"]
[Round "5.7"]
[White "Venkatesh, M R.."]
[Black "Napoli, Nicolo'"]
[Result "0-1"]
[WhiteElo "2506"]
[BlackElo "2298"]
[PlyCount "92"]
[EventDate "2012.07.13"]
[EventType "swiss"]
[EventRounds "9"]
[EventCountry "ESP"]
[SourceTitle "Ajedrez en Madrid"]
[Source "lmi"]
[SourceDate "2012.07.13"]
[SourceVersion "1"]
[SourceVersionDate "2019.06.21"]
[SourceQuality "1"]

1. Nf3 g6 2. e4 Bg7 3. d4 c5 4. Nc3 cxd4 5. Nxd4 Nc6 6. Be3 Nf6 7. Bc4 O-O 8.
Bb3 Qa5 9. f3 d6 10. Qd2 Nd7 11. Nde2 Nc5 12. O-O Be6 13. Bh6 Bxh6 14. Qxh6
Nxb3 15. axb3 Qc5+ 16. Kh1 b5 17. Nf4 Nd4 18. Ncd5 Rfe8 19. Rac1 a5 20. g4 Bxd5
21. Nxd5 Rac8 22. c3 Ne6 23. Rcd1 Nc7 24. Ne3 Qe5 25. Rg1 b4 26. Nc4 Qf6 27.
Qe3 bxc3 28. bxc3 Ne6 29. e5 dxe5 30. Nb6 Rc6 31. Nd5 Qg5 32. Qa7 Nf4 33. Qd7
Rcc8 34. Nb6 Rb8 35. Rge1 Qh4 36. Rf1 Ne2 37. Kg2 Nxc3 38. Rd2 e6 39. Qc6 Nd5
40. Nxd5 exd5 41. Rxd5 Rbc8 42. Qb6 e4 43. Qe3 Rc2+ 44. Rf2 exf3+ 45. Qxf3
Rxf2+ 46. Qxf2 Qxg4+ 0-1

[Event "14. Obert Int. Sant Marti 2012"]
[Site "Barcelona ESP"]
[Date "2012.07.17"]
[Round "5.8"]
[White "Konguvel, Ponnuswamy"]
[Black "Panelo, Marcelo"]
[Result "0-1"]
[WhiteElo "2319"]
[BlackElo "2452"]
[PlyCount "80"]
[EventDate "2012.07.13"]
[EventType "swiss"]
[EventRounds "9"]
[EventCountry "ESP"]
[SourceTitle "Ajedrez en Madrid"]
[Source "lmi"]
[SourceDate "2012.07.13"]
[SourceVersion "1"]
[SourceVersionDate "2019.06.21"]
[SourceQuality "1"]

1. e4 e5 2. Nf3 Nc6 3. d4 exd4 4. Nxd4 Bb4+ 5. c3 Bc5 6. Nxc6 bxc6 7. Bd3 Qh4
8. Qe2 Nf6 9. h3 O-O 10. g3 Qh5 11. Qxh5 Nxh5 12. Nd2 Re8 13. Kf1 d5 14. Kg2
Nf6 15. f3 Bd6 16. g4 Nd7 17. Bc2 Bb7 18. Re1 c5 19. c4 d4 20. Ba4 Re7 21. Bxd7
Rxd7 22. Nf1 f6 23. Bd2 Kf7 24. Ng3 Re8 25. Re2 g6 26. Rae1 Bc6 27. Rd1 Rde7
28. Ree1 a5 29. b3 a4 30. Rb1 axb3 31. axb3 Ra8 32. Rb2 Ree8 33. Reb1 Ra3 34.
Kf2 Be5 35. f4 Bd6 36. Re1 Rb8 37. e5 fxe5 38. fxe5 Be7 39. e6+ Kg7 40. Bf4 Rf8
0-1

[Event "14. Obert Int. Sant Marti 2012"]
[Site "Barcelona ESP"]
[Date "2012.07.17"]
[Round "5.9"]
[White "Prasanna, Raghuram Rao"]
[Black "Beltran Rueda, Santiago"]
[Result "0-1"]
[WhiteElo "2428"]
[BlackElo "2383"]
[PlyCount "108"]
[EventDate "2012.07.13"]
[EventType "swiss"]
[EventRounds "9"]
[EventCountry "ESP"]
[SourceTitle "Ajedrez en Madrid"]
[Source "lmi"]
[SourceDate "2012.07.13"]
[SourceVersion "1"]
[SourceVersionDate "2019.06.21"]
[SourceQuality "1"]

1. d4 Nf6 2. c4 e6 3. g3 d5 4. Nf3 Bb4+ 5. Bd2 Be7 6. Bg2 O-O 7. O-O c6 8. Qc2
Nbd7 9. Bf4 a5 10. Nbd2 Nh5 11. Kh1 Nxf4 12. gxf4 b5 13. b3 bxc4 14. bxc4 Ba6
15. Rg1 c5 16. cxd5 exd5 17. e3 Rc8 18. Qf5 Nf6 19. dxc5 Rxc5 20. Nd4 g6 21.
Qh3 Bc8 22. f5 Re8 23. Bf3 Bf8 24. Rac1 Ne4 25. Nxe4 dxe4 26. Bg4 Rxc1 27. Rxc1
h5 28. Be2 Bg7 29. Qg2 g5 30. Bb5 Re5 31. Nc6 Qd2 32. Rg1 g4 33. Nxe5 Bxe5 34.
f6 Bf5 35. f4 Qxg2+ 36. Rxg2 Bxf6 37. Rc2 Kg7 38. Bc6 Be7 39. Rc4 Bb4 40. Bxe4
Be6 41. Rc2 f5 42. Bb7 Kf6 43. Kg2 h4 44. Kf2 a4 45. e4 fxe4 46. Bxe4 a3 47.
Ke3 Bd6 48. Rg2 Bb4 49. Rc2 Bd6 50. Bb7 Kf5 51. Be4+ Kf6 52. Rc6 Ke7 53. Bb1
Bd5 54. Rc1 h3 0-1

[Event "14. Obert Int. Sant Marti 2012"]
[Site "Barcelona ESP"]
[Date "2012.07.17"]
[Round "5.10"]
[White "Cruz, Jonathan"]
[Black "Espinoza Palomino, Willyam"]
[Result "1-0"]
[WhiteElo "2418"]
[BlackElo "2296"]
[PlyCount "97"]
[EventDate "2012.07.13"]
[EventType "swiss"]
[EventRounds "9"]
[EventCountry "ESP"]
[SourceTitle "Ajedrez en Madrid"]
[Source "lmi"]
[SourceDate "2012.07.13"]
[SourceVersion "1"]
[SourceVersionDate "2019.06.21"]
[SourceQuality "1"]

1. Nf3 Nf6 2. g3 b5 3. Bg2 Bb7 4. O-O e6 5. d3 Be7 6. e4 d6 7. Re1 O-O 8. Nbd2
c5 9. c3 Nc6 10. h3 Qc7 11. d4 cxd4 12. cxd4 e5 13. Nf1 Rfe8 14. Re2 Rac8 15.
g4 exd4 16. Nxd4 Nxd4 17. Qxd4 d5 18. exd5 Bc5 19. Rxe8+ Rxe8 20. Qd3 Nxd5 21.
Bg5 Nf4 22. Bxf4 Qxf4 23. Qg3 Qxg3 24. Nxg3 Bxg2 25. Kxg2 g6 26. Rd1 Bb6 27.
Rd5 b4 28. Rb5 Rc8 29. Rxb4 Rc2 30. Nh1 Kg7 31. a4 Kf6 32. Rf4+ Ke6 33. b4 a5
34. bxa5 Bxa5 35. Ng3 Bc7 36. Re4+ Kd7 37. Rd4+ Kc6 38. Ne4 Be5 39. Rd8 Kb7 40.
Rd5 f6 41. g5 Kc6 42. Ra5 Rc4 43. Nxf6 Bc3 44. Ra8 Kb7 45. Rh8 h5 46. Rg8 Bd4
47. Rxg6 Rxa4 48. Ne4 Bb6 49. Re6 1-0

[Event "14. Obert Int. Sant Marti 2012"]
[Site "Barcelona ESP"]
[Date "2012.07.17"]
[Round "5.11"]
[White "Turov, Maxim"]
[Black "Uribe Arteaga, Daniel"]
[Result "1/2-1/2"]
[WhiteElo "2642"]
[BlackElo "2272"]
[PlyCount "52"]
[EventDate "2012.07.13"]
[EventType "swiss"]
[EventRounds "9"]
[EventCountry "ESP"]
[SourceTitle "Ajedrez en Madrid"]
[Source "lmi"]
[SourceDate "2012.07.13"]
[SourceVersion "1"]
[SourceVersionDate "2019.06.21"]
[SourceQuality "1"]

1. c4 Nf6 2. Nc3 g6 3. d4 Bg7 4. e4 d6 5. f4 O-O 6. Nf3 c5 7. d5 e6 8. dxe6
fxe6 9. Bd3 e5 10. O-O Nc6 11. f5 Nd4 12. fxg6 hxg6 13. Bg5 Bg4 14. Be2 Qd7 15.
Nxd4 exd4 16. Rxf6 Bxf6 17. Bxg4 Qd8 18. Bxf6 Qxf6 19. Nd5 Qf2+ 20. Kh1 Rae8
21. Qd3 Rxe4 22. h3 Re1+ 23. Rxe1 Qxe1+ 24. Kh2 Qe5+ 25. Kh1 Qe1+ 26. Kh2 Qe5+
1/2-1/2

[Event "14. Obert Int. Sant Marti 2012"]
[Site "Barcelona ESP"]
[Date "2012.07.17"]
[Round "5.12"]
[White "Cordova, Emilio"]
[Black "Paljusaj, Edmond"]
[Result "1-0"]
[WhiteElo "2584"]
[BlackElo "2334"]
[PlyCount "63"]
[EventDate "2012.07.13"]
[EventType "swiss"]
[EventRounds "9"]
[EventCountry "ESP"]
[SourceTitle "Ajedrez en Madrid"]
[Source "lmi"]
[SourceDate "2012.07.13"]
[SourceVersion "1"]
[SourceVersionDate "2019.06.21"]
[SourceQuality "1"]

1. d4 d5 2. c4 c6 3. Nf3 Nf6 4. Qc2 g6 5. Bf4 Bg7 6. e3 O-O 7. Nc3 Qa5 8. Nd2
Na6 9. a3 Nh5 10. Nb3 Qd8 11. Bg5 Bf5 12. Qd1 Nf6 13. cxd5 Nxd5 14. Bxa6 Nxc3
15. bxc3 bxa6 16. O-O h6 17. Bh4 Be6 18. Nc5 Bc4 19. Re1 g5 20. Bg3 f5 21. Qa4
Bb5 22. Qb3+ Qd5 23. Qxd5+ cxd5 24. a4 Bc4 25. Rab1 Rf7 26. Rb7 Bf6 27. Reb1 f4
28. exf4 gxf4 29. Bxf4 Bxd4 30. cxd4 Rxf4 31. Rxe7 Raf8 32. Rbb7 1-0

[Event "14. Obert Int. Sant Marti 2012"]
[Site "Barcelona ESP"]
[Date "2012.07.17"]
[Round "5.13"]
[White "Pogorelov, Ruslan"]
[Black "Barsov, Alexei"]
[Result "1/2-1/2"]
[WhiteElo "2417"]
[BlackElo "2539"]
[PlyCount "30"]
[EventDate "2012.07.13"]
[EventType "swiss"]
[EventRounds "9"]
[EventCountry "ESP"]
[SourceTitle "Ajedrez en Madrid"]
[Source "lmi"]
[SourceDate "2012.07.13"]
[SourceVersion "1"]
[SourceVersionDate "2019.06.21"]
[SourceQuality "1"]

1. d4 d5 2. c4 e6 3. Nf3 Nf6 4. Nc3 Be7 5. cxd5 exd5 6. Bg5 c6 7. Qc2 g6 8. e3
Bf5 9. Bd3 Bxd3 10. Qxd3 Nbd7 11. O-O O-O 12. Rab1 a5 13. h3 Re8 14. a3 Ne4 15.
Bxe7 Qxe7 1/2-1/2

[Event "14. Obert Int. Sant Marti 2012"]
[Site "Barcelona ESP"]
[Date "2012.07.17"]
[Round "5.14"]
[White "Mamedjarova, Zeinab"]
[Black "Cuartas, Jaime Alexander"]
[Result "0-1"]
[WhiteElo "2307"]
[BlackElo "2523"]
[PlyCount "64"]
[EventDate "2012.07.13"]
[EventType "swiss"]
[EventRounds "9"]
[EventCountry "ESP"]
[SourceTitle "Ajedrez en Madrid"]
[Source "lmi"]
[SourceDate "2012.07.13"]
[SourceVersion "1"]
[SourceVersionDate "2019.06.21"]
[SourceQuality "1"]

1. d4 d5 2. c4 c6 3. Nf3 Nf6 4. e3 Bf5 5. Nc3 e6 6. Bd3 Bxd3 7. Qxd3 Bb4 8. O-O
O-O 9. Nd2 Qa5 10. Re1 Nbd7 11. e4 dxe4 12. Ndxe4 Nxe4 13. Rxe4 e5 14. Rh4 f5
15. Bg5 Rf7 16. Qh3 Nf8 17. Ne2 Re8 18. a3 Bd2 19. Bxd2 Qxd2 20. Qe3 Qxb2 21.
Rd1 Qb6 22. d5 Qxe3 23. fxe3 Nd7 24. dxc6 bxc6 25. Rd6 Rc8 26. g4 f4 27. exf4
exf4 28. g5 f3 29. Ng3 f2+ 30. Kf1 Ne5 31. Rhd4 Rcf8 32. Rd8 Nf3 0-1

[Event "14. Obert Int. Sant Marti 2012"]
[Site "Barcelona ESP"]
[Date "2012.07.17"]
[Round "5.15"]
[White "Mestre Bellido, Hector"]
[Black "Lopez Martinez, Josep Manuel"]
[Result "1/2-1/2"]
[WhiteElo "2339"]
[BlackElo "2509"]
[PlyCount "47"]
[EventDate "2012.07.13"]
[EventType "swiss"]
[EventRounds "9"]
[EventCountry "ESP"]
[SourceTitle "Ajedrez en Madrid"]
[Source "lmi"]
[SourceDate "2012.07.13"]
[SourceVersion "1"]
[SourceVersionDate "2019.06.21"]
[SourceQuality "1"]

1. e4 c5 2. Nf3 Nc6 3. d4 cxd4 4. Nxd4 Qb6 5. Nb3 Nf6 6. Nc3 e6 7. g3 Be7 8.
Bg2 O-O 9. O-O d6 10. Be3 Qc7 11. Nb5 Qd7 12. c4 b6 13. f4 e5 14. Qe2 Rd8 15.
Rad1 Qb7 16. h3 a6 17. Nc3 b5 18. c5 Be6 19. Nd5 dxc5 20. Nxc5 Bxc5 21. Bxc5
Nd7 22. Be3 f6 23. Rc1 Rac8 24. Rc3 1/2-1/2

[Event "14. Obert Int. Sant Marti 2012"]
[Site "Barcelona ESP"]
[Date "2012.07.17"]
[Round "5.16"]
[White "Krishna, C R G.."]
[Black "Asis Gargatagli, Hipolito"]
[Result "0-1"]
[WhiteElo "2273"]
[BlackElo "2482"]
[PlyCount "132"]
[EventDate "2012.07.13"]
[EventType "swiss"]
[EventRounds "9"]
[EventCountry "ESP"]
[SourceTitle "Ajedrez en Madrid"]
[Source "lmi"]
[SourceDate "2012.07.13"]
[SourceVersion "1"]
[SourceVersionDate "2019.06.21"]
[SourceQuality "1"]

1. d4 Nf6 2. Nf3 g6 3. Nc3 d5 4. Bf4 Bg7 5. e3 O-O 6. Be2 c5 7. Ne5 Nc6 8. Qd2
cxd4 9. exd4 Qb6 10. Nxc6 bxc6 11. Na4 Qd8 12. Bf3 Nd7 13. O-O e5 14. dxe5 Nxe5
15. Be2 Re8 16. Rfe1 Bf5 17. b3 Rc8 18. Ba6 Rc7 19. Bg5 f6 20. Be3 Rce7 21. Bd4
Qc7 22. f3 h5 23. Bc5 Re6 24. Bf2 Kh7 25. Nc5 R6e7 26. Bd3 Bh6 27. Qb4 Nxd3 28.
cxd3 Re2 29. Rxe2 Rxe2 30. a4 Bf4 31. g3 Bd2 32. Qd4 Qe7 33. a5 Bh3 34. Ne4
dxe4 35. dxe4 c5 36. Qd3 Qe5 37. Ra2 Rxf2 38. Kxf2 Bc3 39. Qd5 Qd4+ 40. Qxd4
Bxd4+ 41. Ke2 Be6 42. Ra3 Bb2 43. Ra2 Bc3 44. Kd3 Bb4 45. Kc2 Kg7 46. Ra1 Kf7
47. a6 Ke7 48. Rd1 Bd7 49. f4 Bg4 50. Rd5 Be6 51. Rd1 Ba5 52. Ra1 Bb6 53. Kc3
Kd6 54. Rd1+ Kc6 55. f5 gxf5 56. exf5 Ba5+ 57. Kb2 Bc8 58. h4 Bc7 59. g4 hxg4
60. h5 Bxf5 61. h6 g3 62. Rf1 Be5+ 63. Ka3 g2 64. Rg1 Be4 65. h7 Bxh7 66. Rxg2
Bd3 0-1

[Event "14. Obert Int. Sant Marti 2012"]
[Site "Barcelona ESP"]
[Date "2012.07.17"]
[Round "5.17"]
[White "Gonzalez Perez, Arian"]
[Black "Larduet Despaigne, Carlos"]
[Result "1/2-1/2"]
[WhiteElo "2452"]
[BlackElo "2370"]
[PlyCount "129"]
[EventDate "2012.07.13"]
[EventType "swiss"]
[EventRounds "9"]
[EventCountry "ESP"]
[SourceTitle "Ajedrez en Madrid"]
[Source "lmi"]
[SourceDate "2012.07.13"]
[SourceVersion "1"]
[SourceVersionDate "2019.06.21"]
[SourceQuality "1"]

1. e4 e6 2. d4 d5 3. Nd2 c5 4. exd5 exd5 5. Ngf3 Nc6 6. Bb5 Bd6 7. dxc5 Bxc5 8.
O-O Nge7 9. Nb3 Bd6 10. Re1 O-O 11. Bg5 Qc7 12. h3 h6 13. Bxe7 Nxe7 14. Bd3 Nc6
15. c3 Rd8 16. Nbd4 Bc5 17. Bc2 Qf4 18. Qd3 g6 19. Rad1 Nxd4 20. Nxd4 Bf5 21.
Qe2 Bxc2 22. Qxc2 Re8 23. Nf3 Bb6 24. Qb3 Rad8 25. Rxe8+ Rxe8 26. Qb5 Re6 27.
Kf1 Qe4 28. Qd3 Kg7 29. g3 g5 30. Kg2 Qxd3 31. Rxd3 Re2 32. Rd2 Rxd2 33. Nxd2
f5 34. g4 fxg4 35. hxg4 Kf6 36. Nf3 Ke6 37. Kf1 a5 38. Ke2 Ba7 39. a4 Bc5 40.
Ne1 Bb6 41. Nd3 Ba7 42. Kd2 Kf6 43. Kc2 Bb6 44. f3 Be3 45. Ne1 Ke5 46. Kd3 Bf2
47. Ng2 b6 48. Ke2 Bc5 49. Kd3 Bf2 50. b4 Bg1 51. bxa5 bxa5 52. Ke2 d4 53. Kd3
dxc3 54. Kxc3 Kd5 55. Ne1 Bd4+ 56. Kd3 Bg7 57. Nc2 Kc5 58. Ne3 Kb4 59. f4 gxf4
60. Nf5 Kxa4 61. Nxg7 Kb3 62. Ne6 a4 63. Nc5+ Kb4 64. Nxa4 Kxa4 65. Ke4 1/2-1/2

[Event "14. Obert Int. Sant Marti 2012"]
[Site "Barcelona ESP"]
[Date "2012.07.17"]
[Round "5.18"]
[White "Tomov, Georgi"]
[Black "Rojas Keim, Luis"]
[Result "1-0"]
[WhiteElo "2263"]
[BlackElo "2426"]
[PlyCount "79"]
[EventDate "2012.07.13"]
[EventType "swiss"]
[EventRounds "9"]
[EventCountry "ESP"]
[SourceTitle "Ajedrez en Madrid"]
[Source "lmi"]
[SourceDate "2012.07.13"]
[SourceVersion "1"]
[SourceVersionDate "2019.06.21"]
[SourceQuality "1"]

1. Nf3 c5 2. b3 Nf6 3. Bb2 e6 4. c4 b6 5. g3 Bb7 6. Bg2 Be7 7. O-O O-O 8. e3 d6
9. Nc3 a6 10. d4 Nbd7 11. d5 exd5 12. cxd5 b5 13. Nh4 Re8 14. Re1 Nb6 15. e4 b4
16. Na4 Nxa4 17. bxa4 Nd7 18. Nf5 Bf6 19. Qc2 Nf8 20. f4 Bxb2 21. Qxb2 f6 22.
e5 fxe5 23. fxe5 dxe5 24. Rxe5 Qf6 25. Rae1 c4 26. d6 Bxg2 27. Kxg2 Rxe5 28.
Qxe5 Qxe5 29. Rxe5 g6 30. Nh6+ Kh8 31. Re7 c3 32. Kf2 Rb8 33. Ke2 a5 34. d7
Nxd7 35. Rxd7 b3 36. axb3 Rxb3 37. Ng4 Rb2+ 38. Kd1 Rb6 39. Kc2 h5 40. Ne5 1-0